| 000 | 00684nam a2200241 a 4500 | ||
|---|---|---|---|
| 001 | 67539 | ||
| 003 | BD-RjUL | ||
| 005 | 20211209081652.0 | ||
| 008 | 170325s1952 nyua 001 0 eng | ||
| 035 | _a(BD-RjUL) | ||
| 035 | _a(OCoLC)1385015 | ||
| 040 |
_aDLC _cDSI _dOCoLC _dBD-RjUL _beng |
||
| 041 | _aeng | ||
| 082 |
_a621.3813 _223 _bMUE 1952 |
||
| 100 | 1 |
_aMuchmore, Robert B. _9200124 |
|
| 245 | 0 | 0 |
_aEssentials of microwaves / _b Robert B. Muchmore. |
| 260 |
_aNew York : _bWiley, _cc1952. |
||
| 300 |
_a236 p. : _bill. ; _c24 cm. |
||
| 500 | _aIncludes Index. | ||
| 650 | 0 |
_aMicrowaves. _9200125 |
|
| 650 | 0 |
_aElectronic apparatus and appliances. _9200126 |
|
| 942 |
_2ddc _cBK |
||
| 999 |
_c67539 _d67539 |
||